[Event "Ogolnopolska Olimpiada Mlodziezy D-14"]
[Site "Spala"]
[Date "1899-12-30"]
[Round "4.16"]
[White "Gowin, Malgorzata"]
[Black "Surpeta, Julia"]
[Result "1-0"]
[WhiteTitle "II+"]
[BlackTitle "II"]
[WhiteElo "1458"]
[BlackElo "1130"]

1. e4 c5 2. c3 e6 3. d4 d5 4. dxc5 Bxc5 5. exd5 exd5 6. Nf3 Nf6 7. Be2 Bf5 8. O-O
O-O 9. Bg5 Nbd7 10. Bb5 Qb6 11. Bxd7 Nxd7 12. b4 Bd6 13. Qxd5 Be6 14. Qd4 f5 15.
Qxb6 axb6 16. a3 h6 17. Be3 Bc7 18. Re1 Rf6 19. Bd4 Rg6 20. Ne5 Bxe5 21. Bxe5
Bd5 22. g3 h5 23. Nd2 b5 24. Bf4 h4 25. Re3 Bc6 26. Nf3 Nf6 27. Nxh4 Rg4 28. h3
Rxf4 29. gxf4 Nd5 30. Rf3 Nb6 31. Rd3 Be4 32. Rd4 Nd5 33. Nxf5 Nxc3 34. Ng3 Re8
35. Nxe4 Ne2+ 36. Kf1 Nxd4 37. Re1 Kh8 38. Nd6 Rxe1+ 39. Kxe1 Nc2+ 40. Kd2 Nxa3
41. Kc1 b6 42. Kb2 Nc4+ 43. Nxc4 bxc4 44. b5 Kg8 45. Kc3 Kf7 46. Kxc4 Ke6 47.
Kd4 Kd6 48. f5 Ke7 49. Kd5 Kd7 50. h4 Kc7 51. Ke6 1-0

[Event "Ogolnopolska Olimpiada Mlodziezy D-14"]
[Site "Spala"]
[Date "1899-12-30"]
[Round "4.17"]
[White "Bakalarczyk, Zuzanna"]
[Black "Ossolinska, Matylda"]
[Result "0-1"]
[WhiteTitle "II"]
[BlackTitle "II"]
[WhiteElo "1246"]
[BlackElo "1426"]

1. e4 e6 2. d4 d5 3. e5 c5 4. c3 Qb6 5. Nf3 Nc6 6. Bd3 Bd7 7. dxc5 Bxc5 8. O-O
Nh6 9. h3 Nf5 10. Nbd2 a5 11. Nb3 Be7 12. Bxf5 exf5 13. Qxd5 Be6 14. Qd1 Rd8 15.
Qc2 Bc4 16. Rd1 O-O 17. Be3 Qb5 18. Nfd4 Bxb3 19. axb3 Qxe5 20. Qxf5 Rxd4 21.
Qxe5 Rxd1+ 22. Rxd1 Nxe5 23. Bf4 Ng6 24. Bg3 Rd8 25. Re1 Bc5 26. Re2 h6 27. Bc7
Rd1+ 28. Kh2 Bd6+ 29. Bxd6 Rxd6 30. g3 Rb6 31. c4 Rxb3 32. c5 Rb5 33. Rc2 Ne5
34. Kg1 Nd3 35. c6 bxc6 36. Rxc6 Rxb2 37. f4 a4 38. Rc3 Nb4 39. Kf1 Nc2 40. Ke2
a3 41. Kd2 a2 42. Rxc2 Rxc2+ 43. Kxc2 a1=Q 44. Kd3 Kf8 45. Ke4 Ke7 46. h4 Ke6
47. f5+ Kd6 48. g4 Qe5+ 49. Kf3 Kd5 50. h5 Qe4+ 51. Kg3 Ke5 52. f6 Qf4+ 53. Kh3
gxf6 54. g5 Qxg5 55. Kh2 Kf4 56. Kh1 Kf3 57. Kh2 Qg2# 0-1

[Event "Ogolnopolska Olimpiada Mlodziezy D-14"]
[Site "Spala"]
[Date "1899-12-30"]
[Round "4.18"]
[White "Spadlo, Katarzyna"]
[Black "Buchta, Agnieszka"]
[Result "0-1"]
[WhiteTitle "II"]
[BlackTitle "II"]
[WhiteElo "1318"]
[BlackElo "1352"]

1. e4 c5 2. Nc3 Nc6 3. g3 g6 4. Bg2 Bg7 5. d3 d6 6. Be3 e6 7. Qd2 Rb8 8. a4 a6
9. h4 h5 10. Nf3 Nd4 11. Nd1 b5 12. axb5 axb5 13. Bxd4 cxd4 14. Qb4 Qb6 15. c3
e5 16. Nh2 Ne7 17. cxd4 exd4 18. O-O O-O 19. f4 Bb7 20. Qd2 Rbc8 21. f5 d5 22.
Qf2 Bf6 23. g4 dxe4 24. Bxe4 Bxe4 25. dxe4 Rc2 26. Qxc2 d3+ 27. Qf2 Bd4 28. Ne3
Bxe3 29. Kg2 Bxf2 30. Rxf2 Rd8 31. gxh5 gxh5 32. Nf3 Nc6 33. Rg1 Kf8 34. e5 Nd4
35. Ng5 Ne2 36. Rgf1 Nd4 37. Ne6+ Nxe6 38. fxe6 Qxe6 39. Rf6 Qd5+ 40. Kg1 Qd4+
41. Kg2 Qg4+ 42. Kh1 Qxh4+ 43. Kg2 Qxf6 44. exf6 d2 45. Rd1 Kg8 46. Kf2 Kh7 47.
Ke2 h4 48. Rh1 d1=Q+ 49. Rxd1 Rxd1 50. Kxd1 h3 51. Kc2 h2 52. Kb3 h1=Q 53. Kb4
Qc6 54. b3 Kg6 55. Ka5 b4 56. Kxb4 Qb6+ 57. Ka4 Kxf6 58. Ka3 Ke5 59. Ka4 Kd4 60.
Ka3 Qb5 0-1

[Event "Ogolnopolska Olimpiada Mlodziezy D-14"]
[Site "Spala"]
[Date "1899-12-30"]
[Round "4.19"]
[White "Bochniarz, Katarzyna"]
[Black "Zalewska, Katarzyna"]
[Result "0-1"]
[WhiteTitle "II"]
[BlackTitle "II+"]
[WhiteElo "1192"]
[BlackElo "1331"]

1. c4 e5 2. Nc3 Nf6 3. g3 Nc6 4. Bg2 d6 5. e3 Be6 6. d3 Qd7 7. Nge2 Be7 8. a3 O-O-O
9. b4 h5 10. O-O Bh3 11. Bd2 h4 12. b5 Nb8 13. a4 Bxg2 14. Kxg2 hxg3 15. fxg3
Qh3+ 16. Kf2 Ng4+ 17. Ke1 Nxh2 18. Rf2 Rh6 19. Bc1 Ng4 20. Rf1 Bg5 21. e4 Ne3
22. Bxe3 Bxe3 23. Nd5 Bg5 24. a5 Rdh8 25. b6 cxb6 26. axb6 a6 27. Qc2 Nd7 28.
Rb1 Qg2 29. Qb2 Rh1 30. Ng1 Rxg1 31. Qxg2 Rxg2 32. Rd1 Rxg3 33. Ke2 Rh2+ 34. Rf2
Rxf2+ 35. Kxf2 Bf4 36. Ne7+ Kd8 37. Nd5 Rh3 38. Ke2 g5 39. Kf2 g4 40. Ke2 Rh2+
41. Kf1 Rh1+ 42. Ke2 Rxd1 43. Kxd1 g3 44. Ke2 Nc5 45. Ne3 Bxe3 46. Kxe3 Nxd3 47.
Kf3 Nb2 48. Kxg3 Nxc4 49. Kf3 Nxb6 50. Ke3 Na4 51. Kd3 Nc5+ 0-1

[Event "Ogolnopolska Olimpiada Mlodziezy D-14"]
[Site "Spala"]
[Date "1899-12-30"]
[Round "4.21"]
[White "Szelag, Zuzanna"]
[Black "Kalinowska, Karolina"]
[Result "0-1"]
[WhiteTitle "I"]
[BlackTitle "I"]
[WhiteElo "1534"]
[BlackElo "1537"]

1. e4 e6 2. d4 d5 3. Nd2 Nf6 4. e5 Nfd7 5. c3 c5 6. Bd3 Nc6 7. Ne2 Qb6 8. Nf3 cxd4
9. cxd4 f6 10. exf6 Nxf6 11. O-O Bd6 12. Nc3 O-O 13. Re1 Bd7 14. Bg5 h6 15. Bh4
Kh8 16. a3 Nxd4 17. Ne5 Bxe5 18. Rxe5 Qxb2 19. Bxf6 Rxf6 20. Qe1 Raf8 21. Ra2
Qb3 22. Bb1 Rc8 23. Re3 Qc4 24. Qd2 Qc5 25. Qd3 Kg8 26. Qh7+ Kf7 27. Rg3 Rg8 28.
Bg6+ Kf8 29. Bh5 Qe7 30. Rd2 Nb5 31. Ne2 g5 32. Qd3 Nd6 33. Rf3 Ne4 34. Rc2 Be8
35. Rc8 Kg7 36. Qd4 Bb5 37. Rxf6 Qxf6 38. Rc7+ Kh8 39. f3 Qxd4+ 40. Nxd4 Nd6 41.
Rd7 Nc4 42. Nxe6 Re8 43. Nd4 Re3 0-1

[Event "Ogolnopolska Olimpiada Mlodziezy D-14"]
[Site "Spala"]
[Date "1899-12-30"]
[Round "4.22"]
[White "Samujlo, Agnieszka"]
[Black "Popiel, Natalia"]
[Result "0-1"]
[WhiteTitle "II"]
[BlackTitle "II"]
[WhiteElo "1216"]
[BlackElo "1319"]

1. e4 e5 2. Nf3 Nc6 3. Bb5 a6 4. Bxc6 bxc6 5. d3 d5 6. exd5 cxd5 7. O-O Bd6 8.
h3 Qf6 9. Re1 Ne7 10. Nc3 h6 11. Bd2 O-O 12. Qe2 Qg6 13. Kh1 f6 14. Rg1 c6 15.
Rae1 Qh5 16. Nh2 Qxe2 17. Rxe2 Rb8 18. b3 Nf5 19. Nf3 Bd7 20. Ree1 Bc5 21. Rgf1
Bb4 22. Rd1 Bc5 23. Kh2 h5 24. h4 Kh7 25. g3 Nh6 26. Kg2 Ng4 27. Be1 Rg8 28. Nh2
g5 29. Nxg4 Bxg4 30. f3 Bf5 31. hxg5 fxg5 32. Kh2 Rbf8 33. Bf2 Bb4 34. Be1 Rf7
35. Bd2 Rgf8 36. Kg2 Be6 37. Ra1 Kg6 38. a3 Bc5 39. b4 Bd4 40. Rae1 h4 41. gxh4
gxh4 42. Ne2 h3+ 43. Kg3 Bb6 44. Nc3 Kh5 45. Rxe5+ Bf5 46. Re2 Rg8+ 47. Kh2 Rfg7
48. a4 Rg2+ 49. Kh1 d4 50. Rff2 Rg1+ 51. Kh2 Bc7+ 52. f4 dxc3 53. Bxc3 Bb6 54.
d4 R8g2+ 55. Rxg2 Rxg2+ 56. Rxg2 hxg2 57. Kxg2 Bxc2 58. a5 Bc7 59. Kf3 Kg6 60.
Bd2 Kf5 0-1

[Event "Ogolnopolska Olimpiada Mlodziezy D-14"]
[Site "Spala"]
[Date "1899-12-30"]
[Round "5.1"]
[White "Antolak, Julia"]
[Black "Parol, Pola"]
[Result "1/2-1/2"]
[WhiteTitle "I++"]
[BlackTitle "I"]
[WhiteElo "1809"]
[BlackElo "1734"]

1. e4 e5 2. Nf3 Nf6 3. Nxe5 d6 4. Nf3 Nxe4 5. d4 d5 6. Bd3 Be7 7. O-O Nc6 8. c4
Nf6 9. Nc3 O-O 10. h3 h6 11. Bf4 Bd6 12. Bxd6 Qxd6 13. c5 Qd8 14. Rb1 Nb4 15.
a3 Nxd3 16. Qxd3 Be6 17. Ne5 Qc8 18. Rbd1 Bf5 19. Qd2 Bh7 20. Qf4 Qf5 21. Qxf5
Bxf5 22. Rfe1 Rfe8 23. b4 a6 24. Re3 Bc2 25. Rde1 Bf5 26. Nf3 Be6 27. Ne5 Bf5
28. Nf3 Be6 29. Ne5 Bf5 30. Nf3 Be6 31. Ne5 Bf5 1/2-1/2

[Event "Ogolnopolska Olimpiada Mlodziezy D-14"]
[Site "Spala"]
[Date "1899-12-30"]
[Round "5.2"]
[White "Cieslak, Wiktoria"]
[Black "Kaczmarska, Joanna"]
[Result "0-1"]
[WhiteTitle "I"]
[BlackTitle "I++"]
[WhiteElo "1615"]
[BlackElo "1724"]

1. e4 e5 2. Nf3 Nc6 3. d4 exd4 4. Nxd4 Nf6 5. Nxc6 bxc6 6. e5 Qe7 7. Qe2 Nd5 8.
b3 g5 9. Bb2 Bg7 10. c4 Nf4 11. Qe3 Ng6 12. Nd2 Bxe5 13. Bxe5 Qxe5 14. Qxe5+ Nxe5
15. Ne4 h6 16. O-O-O d6 17. g3 f5 18. Nc3 Bb7 19. Bg2 O-O-O 20. Rhe1 Rde8 21.
Kc2 Kb8 22. Rd2 Ref8 23. f4 gxf4 24. gxf4 Ng6 25. Rf2 Re8 26. Rg1 Rhg8 27. Bh3
Bc8 28. Ne2 Re4 29. Bg2 Rxe2+ 30. Rxe2 Nxf4 31. Rd2 c5 32. b4 cxb4 33. a3 Bb7
34. Rb1 Rxg2 35. Rxb4 c5 36. Rb3 Rxd2+ 37. Kxd2 Kc7 38. Rg3 a6 39. Rg7+ Kb8 40.
Rf7 Be4 41. Rf6 h5 42. Rxd6 Kb7 43. Rh6 a5 44. Rd6 h4 45. Rh6 Ng2 46. Ke2 f4 47.
Kf2 Bc6 48. Rg6 Ne3 49. Rh6 Ng4+ 50. Ke2 Nxh6 51. Kf2 Ng4+ 52. Kg1 Nxh2 53. Kxh2
f3 54. Kg1 h3 55. Kh2 f2 56. a4 f1=Q 57. Kg3 Qf3+ 0-1

[Event "Ogolnopolska Olimpiada Mlodziezy D-14"]
[Site "Spala"]
[Date "1899-12-30"]
[Round "5.4"]
[White "Socko, Weronika"]
[Black "Stebel, Agata"]
[Result "1-0"]
[WhiteTitle "II+"]
[BlackTitle "I"]
[WhiteElo "1518"]
[BlackElo "1673"]

1. d4 d5 2. c4 e6 3. Nc3 c5 4. cxd5 exd5 5. Nf3 Nc6 6. e3 Nf6 7. Bb5 Bg4 8. Qa4
Qc7 9. Ne5 Bd7 10. Nxd7 Qxd7 11. O-O cxd4 12. exd4 Be7 13. Re1 O-O 14. Bg5 a6
15. Bxc6 bxc6 16. Re2 Qc7 17. Bh4 Bd6 18. Bg3 c5 19. Bxd6 Qxd6 20. dxc5 Qxc5 21.
Rd1 Rfe8 22. Rxe8+ Rxe8 23. Nxd5 Rb8 24. Nxf6+ gxf6 25. Qg4+ Kh8 26. Qf4 Qb6 27.
b3 Rd8 28. Rxd8+ Qxd8 29. Qc1 a5 30. g3 Qd4 31. Qe1 Qd5 32. Qc3 Qf5 33. a3 Kg7
34. Qb2 Qd5 35. Qb1 Qf3 36. h4 Qc3 37. Qd1 Qb2 38. Qg4+ Kh8 39. Qc4 Kg7 40. Qc5
Qb1+ 41. Kh2 Qxb3 42. Qxa5 Qc2 43. Qa7 f5 44. a4 Qe4 45. Qd7 Qe2 46. Qxf5 Qa2
47. a5 Kg8 48. Qc5 Kg7 49. Qb6 f5 50. a6 f4 51. gxf4 Qd2 52. Qe3 Qd8 53. Qe5+
Kf8 54. Qh8+ 1-0

[Event "Ogolnopolska Olimpiada Mlodziezy D-14"]
[Site "Spala"]
[Date "1899-12-30"]
[Round "5.5"]
[White "Pedrak, Paulina"]
[Black "Karykowska, Anna"]
[Result "1-0"]
[WhiteTitle "I"]
[BlackTitle "I+"]
[WhiteElo "1367"]
[BlackElo "1525"]

1. e4 c5 2. Nf3 Nc6 3. d4 cxd4 4. Nxd4 Nf6 5. Nc3 e5 6. Ndb5 d6 7. Bg5 a6 8. Na3
b5 9. Nd5 Be7 10. Nxe7 Qxe7 11. c3 O-O 12. Nc2 Qe6 13. Bd3 Nd7 14. O-O Nc5 15.
Be3 Nxd3 16. Qxd3 Bb7 17. Rfd1 Rfd8 18. Bb6 Rd7 19. Ne3 Ne7 20. a4 bxa4 21. Rxa4
d5 22. Rb4 a5 23. exd5 Nxd5 24. Rh4 Nxb6 25. Qxh7+ Kf8 26. Rxd7 Qxd7 27. Qh8+
Ke7 28. Qxg7 Kd8 29. Rh8+ Kc7 30. Rxa8 Bxa8 31. Qxe5+ Qd6 32. Qxa5 Qg6 33. b4
Qb1+ 34. Nf1 Qg6 35. Qe5+ Kd7 36. Qd4+ Kc7 37. Qf4+ Kd7 38. f3 Nd5 39. Qd4 Qb6
40. Qxb6 Nxb6 41. Ne3 Ke6 42. Kf2 Ke5 43. Ke2 Bc6 44. Kd3 Bb5+ 45. c4 Nxc4 46.
Nxc4+ Kd5 47. f4 Bxc4+ 48. Ke3 f5 49. Kf3 Kc6 50. g4 Be6 51. gxf5 Bxf5 52. Kg3
Kb5 53. Kh4 Kxb4 54. Kg5 Bd7 55. h4 Be8 56. h5 Bxh5 57. Kxh5 Kc5 58. Kg6 Kd6 59.
f5 Ke7 60. Kg7 1-0

[Event "Ogolnopolska Olimpiada Mlodziezy D-14"]
[Site "Spala"]
[Date "1899-12-30"]
[Round "5.6"]
[White "Daliga, Anita"]
[Black "Humin, Julia"]
[Result "1/2-1/2"]
[WhiteTitle "II+"]
[BlackTitle "II+"]
[WhiteElo "1390"]
[BlackElo "1418"]

1. e4 e6 2. d4 d5 3. exd5 exd5 4. Bd3 Nc6 5. c3 Bd6 6. Ne2 Nf6 7. Bf4 O-O 8. O-O
Re8 9. Bxd6 Qxd6 10. f3 Ne7 11. Ng3 Ng6 12. Re1 Bd7 13. Nd2 Qf4 14. Ndf1 Rxe1
15. Qxe1 Re8 16. Qd2 Qxd2 17. Nxd2 Nf4 18. Bc2 h5 19. h4 Ne2+ 20. Nxe2 Rxe2 21.
Rd1 Bb5 22. a4 Ba6 23. b4 Bc4 24. Bb1 Re3 25. Rc1 Bd3 26. Bxd3 Rxd3 27. Nf1 Ne4
28. fxe4 dxe4 29. Kf2 f5 30. Ke2 Kf7 31. Ne3 g6 32. Nd5 c6 33. Nf4 Rg3 34. Kf2
Rg4 35. g3 g5 36. hxg5 h4 37. Ne2 hxg3+ 38. Nxg3 Rxg5 39. Rg1 Ke6 40. c4 Rg4 41.
Ne2 Rh4 42. Ke3 Kf6 43. a5 Rh3+ 44. Rg3 Rh1 45. Kd2 Rh2 46. Ke3 Rh1 47. Kd2 Rh2
48. Ke3 Rh1 49. Kd2 Rh2 50. b5 1/2-1/2

[Event "Ogolnopolska Olimpiada Mlodziezy D-14"]
[Site "Spala"]
[Date "1899-12-30"]
[Round "5.7"]
[White "Krzywnicka, Maria"]
[Black "Frej, Zofia"]
[Result "1-0"]
[WhiteTitle "II"]
[BlackTitle "I+"]
[WhiteElo "1360"]
[BlackElo "1747"]

1. e4 d6 2. d4 Nf6 3. Nc3 c6 4. Nf3 Bg4 5. Be2 e6 6. O-O d5 7. exd5 cxd5 8. Ne5
Bxe2 9. Qxe2 Nc6 10. Nxc6 bxc6 11. f4 Be7 12. Qd3 O-O 13. Bd2 Rb8 14. b3 c5 15.
Rae1 cxd4 16. Qxd4 Nd7 17. Qd3 Nc5 18. Qh3 Bf6 19. Rf3 Rb7 20. a4 Ne4 21. Nxe4
dxe4 22. Rf2 Bd4 23. Be3 Bc3 24. Ref1 Qc7 25. f5 exf5 26. Qxf5 Qe5 27. Qxe5 Bxe5
28. Rd2 Re8 29. Rfd1 f5 30. Rd7 Rxd7 31. Rxd7 a6 32. Bd4 Bf4 33. Rxg7+ Kf8 34.
Rxh7 Be5 35. Bxe5 Rxe5 36. Kf1 Rc5 37. c4 a5 38. Rb7 f4 39. Rb5 Rc7 40. Rxa5 Kg7
41. Rf5 Rb7 42. Rxf4 Rxb3 43. Rxe4 Rb4 44. Ke2 Rxa4 45. Kd3 Kf6 46. c5 Ra1 47.
c6 Rc1 48. Rc4 Rd1+ 49. Ke2 Rd8 50. c7 Rc8 51. Kf3 Ke6 52. g4 Kd7 53. h4 Rf8+
54. Kg3 Kc8 55. g5 Rh8 56. Kg4 1-0

[Event "Ogolnopolska Olimpiada Mlodziezy D-14"]
[Site "Spala"]
[Date "1899-12-30"]
[Round "5.8"]
[White "Trusz, Julia"]
[Black "Gredka, Dominika"]
[Result "1/2-1/2"]
[WhiteTitle "I"]
[BlackTitle "I"]
[WhiteElo "1533"]
[BlackElo "1470"]

1. e4 Nf6 2. e5 Nd5 3. d4 d6 4. c4 Nb6 5. exd6 cxd6 6. Nc3 g6 7. Be3 Bg7 8. h3
O-O 9. Nf3 Nc6 10. Rc1 Bf5 11. Be2 Rc8 12. O-O Nb4 13. b3 Nc6 14. Re1 Re8 15.
Qd2 d5 16. c5 Na8 17. Bh6 Bh8 18. Bb5 a6 19. Bxc6 Rxc6 20. Bf4 Rc8 21. Re2 Nc7
22. Bxc7 Rxc7 23. Rce1 Qd7 24. Ne5 Bxe5 25. Rxe5 Be6 26. Qf4 Rcc8 27. Qf3 Rcd8
28. Na4 Qc6 29. Nc3 Qd7 30. Na4 Qc6 31. Nb6 Kg7 32. Na4 1/2-1/2

[Event "Ogolnopolska Olimpiada Mlodziezy D-14"]
[Site "Spala"]
[Date "1899-12-30"]
[Round "5.9"]
[White "Ziziuk, Martyna"]
[Black "Leczek, Weronika"]
[Result "0-1"]
[WhiteTitle "II+"]
[BlackTitle "I"]
[WhiteElo "1412"]
[BlackElo "1632"]

1. c4 e5 2. Nc3 Nc6 3. g3 g6 4. Bg2 Bg7 5. Nf3 Nge7 6. e4 d6 7. d3 O-O 8. Be3 f5
9. Qc1 Nb4 10. Qd2 a5 11. a3 Nbc6 12. O-O a4 13. d4 Na5 14. Qe2 f4 15. gxf4 exf4
16. Bd2 Nb3 17. Rad1 Bg4 18. Qd3 Bxf3 19. Bxf3 Nxd4 20. Ne2 Nxf3+ 21. Qxf3 Nc6
22. Bc3 Bxc3 23. Qxc3 f3 24. Ng3 Qh4 25. Kh1 Ne5 26. Nf5 Rxf5 27. exf5 Ng4 28.
Rg1 Qxh2# 0-1

[Event "Ogolnopolska Olimpiada Mlodziezy D-14"]
[Site "Spala"]
[Date "1899-12-30"]
[Round "5.10"]
[White "Kostecka, Marika"]
[Black "Dwilewicz, Agata"]
[Result "1-0"]
[WhiteTitle "II"]
[BlackTitle "I"]
[WhiteElo "1392"]
[BlackElo "1585"]

1. e4 c5 2. Nf3 e6 3. d4 cxd4 4. Nxd4 Nc6 5. Nc3 Qc7 6. Be3 a6 7. Bd3 Nf6 8. a3
b5 9. f4 d5 10. e5 Nd7 11. Nb3 Be7 12. O-O Nb6 13. Bc5 Nc4 14. Bxe7 Qxe7 15. Bxc4
bxc4 16. Nd2 O-O 17. Qh5 f5 18. Ne2 Qf7 19. Qh4 Rb8 20. Rab1 Bd7 21. Nf3 Na5 22.
Ng5 Qg6 23. Rf3 h6 24. Nh3 Qg4 25. Qe7 Rf7 26. Qd6 Ra8 27. Nd4 Nb7 28. Qb6 Nd8
29. b3 cxb3 30. Rfxb3 Ba4 31. Rb4 Bd7 32. Qd6 Bb5 33. Nxe6 Nb7 34. Qxd5 Rc8 35.
Neg5 hxg5 36. Nxg5 Nd8 37. Nxf7 Nxf7 38. e6 Bc6 39. exf7+ Kf8 40. Qd2 Kxf7 41.
Rc4 Rc7 42. Rxc6 Rxc6 43. Qd7+ Kg6 44. Qxc6+ Kh7 45. Qf3 Qg6 46. Qh3+ Kg8 47.
Rb8+ 1-0

[Event "Ogolnopolska Olimpiada Mlodziezy D-14"]
[Site "Spala"]
[Date "1899-12-30"]
[Round "5.11"]
[White "Guzik, Natalia"]
[Black "Wojcik, Jagoda"]
[Result "1-0"]
[WhiteTitle "I"]
[BlackTitle "I"]
[WhiteElo "1498"]
[BlackElo "1407"]

1. e4 c5 2. Nf3 Nc6 3. d4 cxd4 4. Nxd4 g6 5. Nc3 Bg7 6. Be3 Nf6 7. f3 O-O 8. Nb3
d6 9. Qd2 Re8 10. O-O-O Be6 11. g4 a5 12. Bb5 Bd7 13. a4 Ne5 14. Qe2 Bxb5 15.
Nxb5 Qc8 16. h4 Qc4 17. Qf2 Rec8 18. Nc3 Nfd7 19. Kb1 Nc6 20. Nd4 Qb4 21. Nd5
Qxa4 22. Nxc6 bxc6 23. Nxe7+ Kf8 24. Nxc8 Rxc8 25. Qd2 d5 26. Bh6 Nb6 27. Bxg7+
Kxg7 28. Qd4+ Qxd4 29. Rxd4 dxe4 30. Rxe4 Nd5 31. Rhe1 Rb8 32. Re8 Rb7 33. Kc1
Rb5 34. Rc8 Rc5 35. c3 Nb4 36. Rd1 Nd5 37. Rd4 Nb6 38. Rb8 Nd5 39. Kd2 Nc7 40.
Rd7 Ne6 41. Rbb7 h5 42. Rxf7+ Kg8 43. Rfe7 Nf4 44. Re8# 1-0

[Event "Ogolnopolska Olimpiada Mlodziezy D-14"]
[Site "Spala"]
[Date "1899-12-30"]
[Round "5.12"]
[White "Buchta, Agnieszka"]
[Black "Gowin, Malgorzata"]
[Result "1-0"]
[WhiteTitle "II"]
[BlackTitle "II+"]
[WhiteElo "1352"]
[BlackElo "1458"]

1. e4 c5 2. c3 d5 3. exd5 Qxd5 4. d4 cxd4 5. cxd4 Bf5 6. Nc3 Qd8 7. Nf3 Bg4 8.
Be3 a6 9. Be2 e6 10. O-O Nf6 11. Qb3 Qc7 12. Rac1 Nc6 13. d5 exd5 14. Nxd5 Nxd5
15. Qxd5 Be7 16. Qe4 Bxf3 17. Bxf3 O-O 18. Qg4 Qc8 19. Qg3 Qe6 20. Bxc6 bxc6 21.
b3 Rfd8 22. Rfe1 Qf6 23. Bb6 Rd5 24. Qc7 Bb4 25. Rxc6 Rd6 26. Rec1 Rxc6 27. Qxc6
Qxc6 28. Rxc6 Re8 29. Be3 a5 30. g3 h6 31. Kg2 Re6 32. Rxe6 fxe6 33. Bf4 Kf7 34.
Be5 g5 35. g4 Ke7 36. Kf3 Bd6 37. Bxd6+ Kxd6 38. Ke4 Kc5 39. a3 Kd6 40. h3 e5
41. b4 a4 42. f3 Ke6 43. b5 Kd6 44. b6 Kc6 45. b7 Kxb7 46. Kxe5 Kc6 47. Kd4 Kd6
48. Kc4 Ke5 49. Kb4 Kd4 50. Kxa4 Kc4 51. Ka5 Kc5 52. a4 Kc6 53. Kb4 Kb6 54. Kc4
Ka5 55. Kd5 Kxa4 56. Ke6 Kb4 57. Kf6 1-0

[Event "Ogolnopolska Olimpiada Mlodziezy D-14"]
[Site "Spala"]
[Date "1899-12-30"]
[Round "5.13"]
[White "Zalewska, Katarzyna"]
[Black "Trybowska, Barbara"]
[Result "1/2-1/2"]
[WhiteTitle "II+"]
[BlackTitle "I"]
[WhiteElo "1331"]
[BlackElo "1457"]

1. d4 d5 2. Bf4 Nf6 3. e3 Bf5 4. c4 e6 5. Nc3 c6 6. Nf3 Bb4 7. Qb3 Qa5 8. Rc1 O-O
9. Be2 Nbd7 10. O-O Nh5 11. Bg3 Bg4 12. Rfe1 Rac8 13. a3 Nxg3 14. hxg3 Bxc3 15.
Qxc3 Qd8 16. Nd2 Bxe2 17. Rxe2 f5 18. Nb3 Qg5 19. Rec2 h5 20. cxd5 exd5 21. Nc5
Nxc5 22. Qxc5 Ra8 23. Qd6 h4 24. Qf4 Qxf4 25. gxf4 Kf7 26. Kf1 Rh8 27. Ke2 Rag8
28. Rh1 g5 29. fxg5 Rxg5 30. Kf3 Kf6 31. Rcc1 Rg4 32. Rcg1 h3 33. gxh3 Rxg1 34.
Rxg1 Rxh3+ 35. Kg2 Rh4 36. Kf3 Rh7 37. b3 Rc7 38. b4 a6 39. Rg3 b6 40. Rh3 Kg5
41. Rg3+ Kf6 42. Rh3 Kg5 1/2-1/2

[Event "Ogolnopolska Olimpiada Mlodziezy D-14"]
[Site "Spala"]
[Date "1899-12-30"]
[Round "5.14"]
[White "Trembowiecka-wysota, Aleksandra"]
[Black "Borkowska, Zuzanna"]
[Result "1-0"]
[WhiteTitle "I"]
[BlackTitle "II+"]
[WhiteElo "1451"]
[BlackElo "1342"]

1. e4 c5 2. Nf3 e6 3. d4 cxd4 4. Nxd4 a6 5. Nc3 b5 6. a3 Bb7 7. Be3 Qc7 8. Be2
Nc6 9. O-O Nf6 10. Bf3 Be7 11. Re1 Na5 12. e5 Ng8 13. Bxb7 Qxb7 14. Qg4 Bf8 15.
Ne4 Nc4 16. Nd6+ Nxd6 17. exd6 Qd5 18. Rad1 Nf6 19. Qf3 Qxf3 20. Nxf3 Ne4 21.
Bf4 Nf6 22. a4 g6 23. axb5 axb5 24. Ra1 Rb8 25. Ra6 Bg7 26. Nd4 Nd5 27. Nc6 dxc6
28. d7+ Kxd7 29. Ra7+ Nc7 30. Rxc7+ Ke8 31. Rxc6 Rd8 32. c3 Ke7 33. Bg5+ Kd7 34.
Rc5 Rb8 35. Rd1+ Ke8 36. Rc7 Be5 37. Re7+ Kf8 38. Rdd7 f6 39. Bh6+ Kg8 40. Rg7+
Kf8 41. Rxh7+ 1-0

[Event "Ogolnopolska Olimpiada Mlodziezy D-14"]
[Site "Spala"]
[Date "1899-12-30"]
[Round "5.15"]
[White "Jurkiewicz, Zuzanna"]
[Black "Ciesinska, Weronika"]
[Result "1/2-1/2"]
[WhiteTitle "I"]
[BlackTitle "II"]
[WhiteElo "1426"]
[BlackElo "1335"]

1. d4 Nf6 2. c4 g6 3. Nc3 Bg7 4. Nf3 O-O 5. Bg5 h6 6. Bh4 d6 7. e3 c5 8. d5 e6
9. e4 exd5 10. exd5 Qa5 11. Qd2 Bg4 12. Be2 Bxf3 13. Bxf3 Re8+ 14. Be2 Nh5 15.
Nb5 Qxd2+ 16. Kxd2 Nf4 17. Bf3 Na6 18. Nxd6 Reb8 19. Rab1 g5 20. Bg3 Be5 21. Nf5
Kh7 22. a3 Rd8 23. Kc2 Rab8 24. Be4 h5 25. h3 Kg8 26. Bxf4 Bxf4 27. g3 Bd6 28.
Bf3 f6 29. Bxh5 Nc7 30. h4 b6 31. hxg5 fxg5 32. Nh6+ Kf8 33. f4 gxf4 34. gxf4
Kg7 35. Nf5+ Kf6 36. Nxd6 Rxd6 37. Rhg1 Rd7 38. Rg6+ Kf5 39. Bg4+ Kxg6 40. Bxd7
Rd8 41. f5+ Kf6 42. Be6 Ne8 43. Kd3 Nd6 44. Rg1 Rf8 45. Rg6+ Ke5 46. Rg7 Nxf5
47. Bxf5 Rxf5 48. Rxa7 Rf3+ 49. Kc2 Kd4 50. Ra4 Rf2+ 51. Kb1 Rf1+ 52. Ka2 Rf6
53. Ra8 Kxc4 54. Rd8 Kb5 55. Rd7 Kc4 56. Rd8 Kb5 57. Rd7 Kc4 58. Rd8 Kb5 1/2-1/2

[Event "Ogolnopolska Olimpiada Mlodziezy D-14"]
[Site "Spala"]
[Date "1899-12-30"]
[Round "5.17"]
[White "Kalinowska, Karolina"]
[Black "Kindler, Karolina"]
[Result "1-0"]
[WhiteTitle "I"]
[BlackTitle "I"]
[WhiteElo "1537"]
[BlackElo "1438"]

1. e4 c5 2. Nf3 Nc6 3. d4 cxd4 4. Nxd4 g6 5. Nc3 Bg7 6. Be3 Nf6 7. Bc4 a6 8. Bb3
d6 9. h3 O-O 10. O-O Bd7 11. Qd2 b5 12. a3 Qc7 13. f4 e6 14. Nf3 Bc8 15. Rad1
Rd8 16. Qf2 Qb7 17. Rfe1 Rb8 18. e5 dxe5 19. Rxd8+ Nxd8 20. fxe5 Nd7 21. Bf4 Nc6
22. Qg3 Qc7 23. Nd1 Bb7 24. Nf2 Ne7 25. Nd4 Qb6 26. c3 Nc5 27. Bc2 Nf5 28. Nxf5
exf5 29. Kh1 Rd8 30. h4 Qc6 31. Nh3 Nd3 32. Rd1 Qxg2+ 33. Qxg2 Bxg2+ 34. Kxg2
Nxf4+ 35. Nxf4 Rxd1 36. Bxd1 Bxe5 37. Nd3 Bd6 38. Be2 Be7 39. Kh3 a5 40. Nf4 b4
41. Nd5 bxa3 42. Nxe7+ Kf8 43. Nxg6+ fxg6 44. bxa3 Ke7 45. Bb5 Kd6 46. a4 Kc5
47. Kg3 Kd5 48. Kf4 h6 49. h5 gxh5 50. Kxf5 Kc5 51. Kf4 Kd5 52. Kg3 Kc5 53. Kh4
Kd5 54. Kxh5 Kc5 55. Kxh6 Kd5 56. Kg5 Kc5 57. Kf5 Kd5 58. c4+ Kc5 59. Ke5 Kb6
60. Kd6 Kb7 1-0

[Event "Ogolnopolska Olimpiada Mlodziezy D-14"]
[Site "Spala"]
[Date "1899-12-30"]
[Round "5.18"]
[White "Borsuk, Aleksandra"]
[Black "Malinowska, Monika"]
[Result "1/2-1/2"]
[WhiteTitle "II"]
[BlackTitle "II+"]
[WhiteElo "1228"]
[BlackElo "1326"]

1. e4 e5 2. Nf3 Nc6 3. Bc4 Nf6 4. Nc3 Bc5 5. d3 d6 6. Bg5 Be6 7. Bb3 O-O 8. O-O
h6 9. Bh4 Bb6 10. Qd2 Qe7 11. Bd5 Bg4 12. Ne1 Rfe8 13. h3 Be6 14. Nf3 Ba5 15.
Bb3 Nd4 16. Qd1 Bxc3 17. bxc3 Nxb3 18. cxb3 Bd7 19. Qd2 Qe6 20. Rac1 Nh5 21. Rfe1
Qg6 22. Kh2 Nf4 23. Bg3 Nh5 24. Bh4 f5 25. exf5 Qxf5 26. Rcd1 Rf8 27. Qe3 Nf4
28. Ng1 Bc6 29. Nf3 Nxh3 30. gxh3 Bxf3 31. Rd2 Qh5 32. Bg3 Bg4 33. Kg1 Qxh3 34.
f4 exf4 35. Bxf4 Qxe3+ 36. Bxe3 Rae8 37. Rg2 h5 38. Rg3 Rf3 39. Rxf3 Bxf3 40.
Kf2 Bg4 41. Kf1 a6 42. d4 g6 43. Bg5 Rxe1+ 44. Kxe1 Kf7 45. b4 Ke6 46. a3 Kf5
47. Bh4 g5 48. Bf2 Bf3 49. Kf1 Ke4 50. a4 b6 51. Be1 Bd1 52. Bd2 Kf5 53. a5 bxa5
54. bxa5 c5 55. dxc5 dxc5 56. Be3 c4 57. Kf2 h4 58. Kg2 g4 59. Kh2 Bf3 60. Bd4
Be4 61. Be3 h3 62. Kg3 Bc6 63. Bd4 Ke4 64. Bb6 Kd3 65. Bd4 Bb7 66. Bf6 Ke2 67.
Bd4 h2 68. Kxh2 Kf3 69. Bc5 g3+ 70. Kg1 g2 1/2-1/2

[Event "Ogolnopolska Olimpiada Mlodziezy D-14"]
[Site "Spala"]
[Date "1899-12-30"]
[Round "5.19"]
[White "Popiel, Natalia"]
[Black "Bakalarczyk, Zuzanna"]
[Result "1-0"]
[WhiteTitle "II"]
[BlackTitle "II"]
[WhiteElo "1319"]
[BlackElo "1246"]

1. e4 e6 2. d4 d5 3. Nc3 dxe4 4. Nxe4 Nd7 5. Nf3 Ngf6 6. Bd3 Be7 7. Bf4 b6 8. Ne5
Bb7 9. f3 Nxe4 10. Bxe4 Bxe4 11. fxe4 Nxe5 12. Bxe5 Bh4+ 13. g3 Bf6 14. O-O Bxe5
15. dxe5 O-O 16. Qxd8 Raxd8 17. Rad1 h6 18. Kf2 f6 19. Ke2 Rxd1 20. Rxd1 fxe5
21. Rd7 Rf7 22. Rd8+ Kh7 23. Re8 Rd7 24. Rxe6 Kg8 25. Rxe5 Kf7 26. Rd5 Re7 27.
Ke3 Kf6 28. b4 c6 29. Rd6+ Re6 30. Rd7 Re7 31. Rxe7 Kxe7 32. Kd4 Ke6 33. c4 a6
34. a4 g6 35. h3 Kf6 36. a5 bxa5 37. bxa5 Ke6 38. Kc5 Kd7 39. Kb6 Kd6 40. c5+
Kd7 41. Kxa6 Kc7 42. Ka7 Kc8 43. Kb6 Kb8 44. a6 Ka8 45. e5 Kb8 46. a7+ Ka8 47.
e6 g5 48. e7 g4 49. e8=Q# 1-0